Business law and the regulation of business / (Record no. 343545)
[ view plain ]
| 000 -LEADER | |
|---|---|
| fixed length control field | 01117 a2200217 4500 |
| 020 ## - INTERNATIONAL STANDARD BOOK NUMBER | |
| International Standard Book Number | 0538884827 |
| 020 ## - INTERNATIONAL STANDARD BOOK NUMBER | |
| International Standard Book Number | 9780538884822 |
| 082 04 - DEWEY DECIMAL CLASSIFICATION NUMBER | |
| Classification number | 346.7307 |
| 090 ## - LOCALLY ASSIGNED LC-TYPE CALL NUMBER (OCLC); LOCAL CALL NUMBER (RLIN) | |
| -- | 1008 |
| -- | 1008 |
| 100 1# - MAIN ENTRY--PERSONAL NAME | |
| Personal name | Mann, Richard A. |
| 245 10 - TITLE STATEMENT | |
| Title | Business law and the regulation of business / |
| Statement of responsibility, etc. | Richard A. Mann. |
| 250 ## - EDITION STATEMENT | |
| Edition statement | 6th ed. |
| 260 ## - PUBLICATION, DISTRIBUTION, ETC. | |
| Place of publication, distribution, etc. | [S.l.] : |
| Name of publisher, distributor, etc. | Thomson South-Western, |
| Date of publication, distribution, etc. | 1998. |
| 300 ## - PHYSICAL DESCRIPTION | |
| Extent | 1248 p. ; |
| Dimensions | 27 cm. |
| 500 ## - GENERAL NOTE | |
| General note | Hardcover. |
| 520 ## - SUMMARY, ETC. | |
| Summary, etc. | This text provides a concise explanation of the statutory and case law that affects business with the objective of enabling students to use the law as a source for business decision-making. Excellent preparation for CPA exams and numerous critical thinking features are particular strengths of this text. This sixth edition continues the tradition of authoritative, accurate, and up-to-date presentation of the law. |
| 700 1# - ADDED ENTRY--PERSONAL NAME | |
| Personal name | Roberts, Barry S. |
| 856 40 - ELECTRONIC LOCATION AND ACCESS | |
| Materials specified | Amazon.com |
| Uniform Resource Identifier | <a href="http://www.amazon.com/exec/obidos/ASIN/0538884827/chopaconline-20">http://www.amazon.com/exec/obidos/ASIN/0538884827/chopaconline-20</a> |
| 856 40 - ELECTRONIC LOCATION AND ACCESS | |
| Materials specified | Amazon customer reviews |
| Uniform Resource Identifier | <a href="http://www.chopac.org/cgi-bin/tools/azrev.pl?q=0538884827">http://www.chopac.org/cgi-bin/tools/azrev.pl?q=0538884827</a> |
| 942 ## - ADDED ENTRY ELEMENTS (KOHA) | |
| Institution code [OBSOLETE] | NBS |
| Koha item type | Book |
| Call number prefix | 346.7307 MAN |
| Withdrawn status | Lost status | Damaged status | Not for loan | Permanent Location | Current Location | Date acquired | Total Checkouts | Full call number | Barcode | Date last seen | Date last checked out | Price effective from | Koha item type |
|---|---|---|---|---|---|---|---|---|---|---|---|---|---|
| NUST Law School (NLS) | NUST Law School (NLS) | 08/28/2013 | 1 | 346.7307 MAN | NBS4939 | 11/23/2017 | 08/18/2017 | 08/28/2013 | Book |
